000 00932nam a22002777a 4500
001 7541
003 9780399231162
005 20250723151159.0
008 250723b cb ||||| |||| 00| 0 eng d
020 _a9780399231162
040 _aFISKH
_beng
_cFISKH
_dFISKH
050 _aPZ7.W868 T
082 _a361.2
100 _aWoodson, Jacqueline
245 _aThe other side /
_cJacqueline Woodson ; illustrated by E. B. Lewis
260 _aNew York :
_bPenguin Young Reader Group,
_c2001.
300 _a32 unnumbered pages :
_bcolor illustrations ;
_c26 x 30 cm
505 _aJ
520 _aTwo girls, one white and one black, gradually get to know each other as they sit on the fence that divides their town.
521 8 _a490
_bLexile AD
521 8 _aJ
_bRaz-Plus
650 _aAcceptance
_vDiscrimination
_xDiversity
_yAfrican American
700 _aLewis, E. B.
942 _2ddc
_cBK
_n0
999 _c7541
_d7541